Solving Vibration Analysis Problems using MATLAB/ (Record no. 13728)
[ view plain ]
| 000 -LEADER | |
|---|---|
| fixed length control field | 00775nam a22001817a 4500 |
| 008 - FIXED-LENGTH DATA ELEMENTS--GENERAL INFORMATION | |
| fixed length control field | 100317s2007 ii||||||r||| 000 0 ng d |
| 020 ## - INTERNATIONAL STANDARD BOOK NUMBER | |
| International Standard Book Number | 8122420648 |
| 082 ## - DEWEY DECIMAL CLASSIFICATION NUMBER | |
| Edition number | 22 |
| Classification number | 620.3 |
| Item number | DUK |
| 100 ## - MAIN ENTRY--PERSONAL NAME | |
| 9 (RLIN) | 12877 |
| Personal name | Dukkipati, Rao V. |
| 245 ## - TITLE STATEMENT | |
| Title | Solving Vibration Analysis Problems using MATLAB/ |
| Statement of responsibility, etc | Rao V. Dukkipati |
| 260 ## - PUBLICATION, DISTRIBUTION, ETC. (IMPRINT) | |
| Place of publication, distribution, etc | New Delhi : |
| Name of publisher, distributor, etc | New Age International, 2007. |
| Date of publication, distribution, etc | 2007 |
| 300 ## - PHYSICAL DESCRIPTION | |
| Extent | xv, 217 p. : |
| Other physical details | ill. ; |
| Dimensions | 25 cm. |
| 504 ## - BIBLIOGRAPHY, ETC. NOTE | |
| Bibliography, etc | Includes bibliographical references(p.207-217) |
| 650 ## - SUBJECT ADDED ENTRY--TOPICAL TERM | |
| 9 (RLIN) | 12878 |
| Topical term or geographic name as entry element | MATLAB |
| 650 ## - SUBJECT ADDED ENTRY--TOPICAL TERM | |
| 9 (RLIN) | 12879 |
| Topical term or geographic name as entry element | Vibration |
| General subdivision | Data processing. |
| 942 ## - ADDED ENTRY ELEMENTS (KOHA) | |
| Source of classification or shelving scheme | Dewey Decimal Classification |
| Item type | Book - Borrowing |
| Withdrawn status | Item status | Source of classification or shelving scheme | Damaged status | Not for loan | Vendor | Home library | Current library | Shelving location | Date acquired | Source of acquisition | Cost, normal purchase price | Serial Enumeration / chronology | Total Checkouts | Total Renewals | Full call number | Barcode | Date last seen | Date last borrowed | Koha item type |
|---|---|---|---|---|---|---|---|---|---|---|---|---|---|---|---|---|---|---|---|
| Dewey Decimal Classification | Alahram | Central Library | Central Library | First floor | 17/03/2010 | 139.00 | 27 | 1 | 2 | 620.3 DUK | 000020293 | 15/07/2025 | 19/09/2010 | Book - Borrowing |